Disney finish the lyrics - Statistics

General Stats
  • This quiz has been taken 1,567 times
  • The average score is 5 of 13
Answer Stats
Hint Answer % Correct
SNOW WHITE: Heigh ho Heigh ho it's off to work we go
70%
ELSA: Let it go, Let it go Can't hold it back anymore
64%
SLEEPING BEAUTY: I know you I walked with you once upon a dream
64%
MULAN: Did they send me daughters When I asked for sons
57%
JASMINE: Soaring, tumbling, freewheeling, through an endless diamond sky
53%
POCAHONTAS:Can you sing with all the voices of the mountain Can you paint with all the colors of the wind
45%
BELLE: Bonjour, Bonjour, Bounjour, Bonjour, Bonjour There goes the baker with his tray like always
38%
RAPUNZEL: And so I'll read a book or maybe two or three I'll add a few new paintings to my gallery
30%
ANNA: I suddenly see him standing there A beautiful stranger tall and fair I wanna stuff some chocolate in my face
29%
CINDERELLA: A dream is a wish your heart makes When you're fast asleep
28%
JANE: I wanna know, can you show me I wanna know about these strangers like me
9%
ARIEL: Sha la la la la la, don't be scared. You got the mood prepared
7%
TIANA: Trials and tribulations, I’ve had my share There ain't nothing gonna stop me now ‘cause I'm almost there
6%
No matching quizzes found
Score Distribution
Percent of People with Each Score
Percentile by Number Answered
Your Score History
You have not taken this quiz